| 000 | 00706nam a2200241Ia 4500 | ||
|---|---|---|---|
| 003 | OSt | ||
| 005 | 20220925232148.0 | ||
| 006 | a|||||r|||| 00| 0 | ||
| 007 | ta | ||
| 008 | 220923b |||||||| |||| 00| 0 eng d | ||
| 037 | _cGeneral Book | ||
| 040 |
_aRTL _cRTL _beng |
||
| 041 |
_2eng _aeng |
||
| 082 | _aYwN38A, N8 | ||
| 100 |
_aElliott Gregory _921774 |
||
| 245 | 0 |
_aPerry Anderson _b The merciless laboratory of history |
|
| 260 |
_aMinneapolis _bUniversity of Minnesota Press _c1998 |
||
| 300 |
_axxi,340p _ccm. |
||
| 490 | _aCultural Politics, V15 | ||
| 500 | _aBibliography: P 301-316 | ||
| 942 |
_hYwN38A, N8 _cGB _2CC |
||
| 999 |
_c590483 _d590483 |
||